000 00595nam a2200205Ia 4500
005 20250326142917.0
008 250326s9999 xx 000 0 und d
020 _a0-13-234030-5
037 _aTextbook
040 _aFMSL
_beng
_cFMSL
041 _aeng
_2eng
084 _aX:71y7 N6
_qFMSL
100 _aMintzberg H
_9735244
245 0 _aStrategy Progress: Concepts Contexts Cases
_cMintzberg H; Lampel J And Others
250 _aEd 4
260 _aNew Jersey
_bNew Jersey, Prentice Hall
_c2002
300 _axvi,489
942 _cTB
_hX:71y7 N6
999 _c1297216
_d1297216